[Event "Bundesliga 9899"]
[Site "Deutschland"]
[Date "1998.12.12"]
[Round "5.5"]
[White "Uhlmann, Wolfgang"]
[Black "Straeter, Timo"]
[Result "1-0"]
[WhiteElo "2495"]
[BlackElo "2300"]
[PlyCount "53"]
[EventDate "1998.10.17"]
[EventType "team"]
[EventRounds "15"]
[EventCountry "GER"]
[SourceTitle "Bundesliga 9899"]
[Source "DeepChess"]
[SourceDate "2005.01.01"]
[SourceVersion "1"]
[SourceVersionDate "2005.01.01"]
[SourceQuality "1"]
[WhiteTeam "Dresdner SC 1898"]
[BlackTeam "SV Wattenscheid 1930"]
[WhiteTeamCountry "GER"]
[BlackTeamCountry "GER"]

1. c4 e6 2. Nc3 d5 3. d4 Nf6 4. cxd5 exd5 5. Bg5 c6 6. e3 Be7 7. Bd3 Bg4 8.
Nge2 Bh5 9. Qb3 Qb6 10. Qc2 Bg6 11. Nf4 Bxd3 12. Nxd3 Nbd7 13. O-O Qd8 14. b4
Ne4 15. Bxe7 Qxe7 16. b5 Nd6 17. bxc6 bxc6 18. Qa4 Qe6 19. Nf4 Qh6 20. Rfc1 Nc4
21. Ncxd5 cxd5 22. Nxd5 Ncb6 23. Nxb6 Qxb6 24. Rab1 Qd8 25. Rb7 Rc8 26. Rc5 f6
27. Rxd7 1-0

[Event "Bundesliga 9899"]
[Site "Deutschland"]
[Date "1998.12.12"]
[Round "5.6"]
[White "Franke, Johannes"]
[Black "Borriss, Martin"]
[Result "1/2-1/2"]
[WhiteElo "2235"]
[BlackElo "2430"]
[PlyCount "121"]
[EventDate "1998.10.17"]
[EventType "team"]
[EventRounds "15"]
[EventCountry "GER"]
[SourceTitle "Bundesliga 9899"]
[Source "DeepChess"]
[SourceDate "2005.01.01"]
[SourceVersion "1"]
[SourceVersionDate "2005.01.01"]
[SourceQuality "1"]
[WhiteTeam "SV Wattenscheid 1930"]
[BlackTeam "Dresdner SC 1898"]
[WhiteTeamCountry "GER"]
[BlackTeamCountry "GER"]

1. e4 c5 2. Nc3 Nc6 3. g3 g6 4. Bg2 Bg7 5. d3 d6 6. f4 e6 7. Nf3 Nge7 8. O-O
O-O 9. Be3 Nd4 10. e5 Bd7 11. Ne4 Nef5 12. Bf2 Nxf3+ 13. Qxf3 Bc6 14. c3 Rc8
15. Qe2 dxe5 16. fxe5 Bxe5 17. Bxc5 Bxe4 18. Bxf8 Bxg2 19. Rxf5 exf5 20. Bh6
Qd5 21. Qxg2 Qxd3 22. Re1 Qb5 23. a4 Qb6+ 24. Be3 Qc7 25. Qf2 a6 26. Bb6 Qd6
27. a5 Bf6 28. Qf3 Qd7 29. Rd1 Qe7 30. Bf2 Rc4 31. Rd5 Qe6 32. Qd3 Rc7 33. Rd6
Qe5 34. Rd8+ Kg7 35. Qd6 Qxd6 36. Rxd6 Be5 37. Rd5 f6 38. Bd4 Re7 39. Kf2 Kf7
40. Bxe5 fxe5 41. Rd6 Re6 42. Rd7+ Re7 43. Rd6 Kg7 44. c4 Kh6 45. b4 Kg5 46. c5
Kg4 47. c6 bxc6 48. Rxc6 Rb7 49. Rb6 Ra7 50. Re6 e4 51. Kg2 Kg5 52. h3 Kh6 53.
Kf2 Kg7 54. Ke3 Kf7 55. Rb6 Ke7 56. Kf4 Kd7 57. g4 Kc7 58. gxf5 gxf5 59. Kxf5
e3 60. Re6 Rb7 61. Rxe3 1/2-1/2

[Event "Bundesliga 9899"]
[Site "Deutschland"]
[Date "1998.12.12"]
[Round "5.7"]
[White "Gauglitz, Gernot"]
[Black "Sandkamp, Ralph"]
[Result "1/2-1/2"]
[WhiteElo "2400"]
[BlackElo "2245"]
[PlyCount "172"]
[EventDate "1998.10.17"]
[EventType "team"]
[EventRounds "15"]
[EventCountry "GER"]
[SourceTitle "Bundesliga 9899"]
[Source "DeepChess"]
[SourceDate "2005.01.01"]
[SourceVersion "1"]
[SourceVersionDate "2005.01.01"]
[SourceQuality "1"]
[WhiteTeam "Dresdner SC 1898"]
[BlackTeam "SV Wattenscheid 1930"]
[WhiteTeamCountry "GER"]
[BlackTeamCountry "GER"]

1. d4 g6 2. c4 Bg7 3. g3 c5 4. d5 Nf6 5. Nc3 O-O 6. Bg2 d6 7. Nf3 e6 8. O-O
exd5 9. cxd5 Re8 10. Bf4 a6 11. a4 Ne4 12. Nxe4 Rxe4 13. Ra2 Bg4 14. b3 Bxf3
15. Bxf3 Re8 16. Qd2 Qc7 17. e4 Nd7 18. Re1 b5 19. Be2 c4 20. axb5 cxb3 21.
Rxa6 Bc3 22. Rc1 Bxd2 23. Rxc7 Rac8 24. Rxc8 Rxc8 25. Rc6 Ra8 26. Bxd2 b2 27.
Bd3 Ne5 28. Bc2 Ra1+ 29. Kg2 Rc1 30. Bc3 Rxc2 31. Bxb2 Rxb2 32. Rxd6 Rxb5 33.
Rd8+ Kg7 34. Re8 Kf6 35. f4 Rb2+ 36. Kh3 Nf3 37. g4 h6 38. d6 Rd2 39. e5+ Kg7
40. Kg3 Nxh2 41. f5 gxf5 42. gxf5 h5 43. Rd8 Ng4 44. e6 Nf6 45. d7 fxe6 46.
fxe6 Kg6 47. e7 Rxd7 48. Rxd7 Kf7 49. Ra7 Nd5 50. e8=Q+ Kxe8 51. Kh4 Kd8 52.
Kxh5 Nc7 53. Kg6 Kd7 54. Kf5 Kd6 55. Ra1 Nd5 56. Ke4 Nf6+ 57. Kd4 Ke6 58. Re1+
Kf5 59. Re5+ Kf4 60. Ra5 Ng4 61. Ra1 Kf5 62. Re1 Nf6 63. Re5+ Kf4 64. Re7 Kf5
65. Kc5 Ne4+ 66. Kd5 Nf6+ 67. Kd4 Kf4 68. Re5 Ng4 69. Re1 Kf5 70. Rh1 Nf6 71.
Ra1 Ke6 72. Ra5 Nd7 73. Rh5 Nf6 74. Re5+ Kd6 75. Re1 Nd7 76. Ke4 Nc5+ 77. Kf5
Kd5 78. Rd1+ Kc4 79. Kf4 Nd3+ 80. Ke3 Nc5 81. Rd8 Kb5 82. Rc8 Kc4 83. Kd2 Kd5
84. Rd8+ Ke5 85. Ke3 Ne6 86. Ra8 Kd5 1/2-1/2

[Event "Bundesliga 9899"]
[Site "Deutschland"]
[Date "1998.12.12"]
[Round "5.8"]
[White "Thiel, Thomas"]
[Black "Wichmann, Cliff"]
[Result "1-0"]
[WhiteElo "2345"]
[BlackElo "2225"]
[PlyCount "99"]
[EventDate "1998.10.17"]
[EventType "team"]
[EventRounds "15"]
[EventCountry "GER"]
[SourceTitle "Bundesliga 9899"]
[Source "DeepChess"]
[SourceDate "2005.01.01"]
[SourceVersion "1"]
[SourceVersionDate "2005.01.01"]
[SourceQuality "1"]
[WhiteTeam "SV Wattenscheid 1930"]
[BlackTeam "Dresdner SC 1898"]
[WhiteTeamCountry "GER"]
[BlackTeamCountry "GER"]

1. e4 e6 2. d4 d5 3. Nc3 Nf6 4. Bg5 Bb4 5. Nge2 dxe4 6. a3 Be7 7. Bxf6 gxf6 8.
Nxe4 f5 9. N4c3 b6 10. d5 c6 11. dxe6 Qxd1+ 12. Rxd1 fxe6 13. g3 Bd7 14. Bg2
Na6 15. O-O e5 16. Nb5 Rc8 17. Nd6+ Bxd6 18. Rxd6 Ke7 19. Rfd1 Nb8 20. f4 e4
21. Rh6 Na6 22. g4 fxg4 23. Bxe4 Nc5 24. Rxh7+ Rxh7 25. Bxh7 Rh8 26. Bd3 Nxd3
27. Rxd3 Bf5 28. Re3+ Kf6 29. Ng3 Bxc2 30. Rc3 Bd1 31. Rxc6+ Ke7 32. Rc7+ Kd6
33. Rxa7 Rc8 34. Ne4+ Ke6 35. Nc3 Bf3 36. Ra6 Rd8 37. Rxb6+ Kf5 38. Kf2 Kxf4
39. Rb4+ Kf5 40. h3 Rd2+ 41. Ke3 Rg2 42. hxg4+ Bxg4 43. Kd4 Bf3 44. a4 Ke6 45.
Kc5 Kd7 46. Rf4 Bb7 47. b4 Rg6 48. b5 Rg3 49. Kb6 Bg2 50. Ne4 1-0

[Event "Bundesliga 9899"]
[Site "Deutschland"]
[Date "1998.12.12"]
[Round "5.2"]
[White "Casper, Thomas"]
[Black "Epishin, Vladimir"]
[Result "0-1"]
[WhiteElo "2415"]
[BlackElo "2590"]
[PlyCount "80"]
[EventDate "1998.10.17"]
[EventType "team"]
[EventRounds "15"]
[EventCountry "GER"]
[SourceTitle "Bundesliga 9899"]
[Source "DeepChess"]
[SourceDate "2005.01.01"]
[SourceVersion "1"]
[SourceVersionDate "2005.01.01"]
[SourceQuality "1"]
[WhiteTeam "Erfurter SK"]
[BlackTeam "PSV Turm Duisburg 1920 e.V."]
[WhiteTeamCountry "GER"]
[BlackTeamCountry "GER"]

1. e4 c6 2. d4 d5 3. Nc3 dxe4 4. Nxe4 Bf5 5. Ng3 Bg6 6. N1e2 e6 7. Nf4 Bd6 8.
c3 Nf6 9. h4 O-O 10. Nxg6 fxg6 11. Bg5 Bxg3 12. fxg3 Qd5 13. Bxf6 Rxf6 14. Qe2
Nd7 15. c4 Qa5+ 16. Qd2 Qxd2+ 17. Kxd2 Rf2+ 18. Kc3 c5 19. dxc5 Nxc5 20. b4
Ne4+ 21. Kb3 Rd8 22. c5 Rd4 23. Rg1 Kf7 24. a3 Nxg3 25. Bc4 Ne4 26. Bb5 a6 27.
Bf1 Ke7 28. Rc1 a5 29. bxa5 Nd2+ 30. Kc3 Ra4 31. Bb5 Rxa3+ 32. Kb4 Rb3+ 33. Ka4
Rf4+ 34. Rc4 Nxc4 35. Kxb3 Nxa5+ 36. Kc3 Rxh4 37. Be2 Re4 38. Bd3 Re5 39. Kb4
Nc6+ 40. Kb5 Nb8 0-1

[Event "Bundesliga 9899"]
[Site "Deutschland"]
[Date "1998.12.12"]
[Round "5.3"]
[White "Thesing, Matthias"]
[Black "Kuczynski, Robert"]
[Result "1/2-1/2"]
[WhiteElo "2435"]
[BlackElo "2485"]
[PlyCount "104"]
[EventDate "1998.10.17"]
[EventType "team"]
[EventRounds "15"]
[EventCountry "GER"]
[SourceTitle "Bundesliga 9899"]
[Source "DeepChess"]
[SourceDate "2005.01.01"]
[SourceVersion "1"]
[SourceVersionDate "2005.01.01"]
[SourceQuality "1"]
[WhiteTeam "PSV Turm Duisburg 1920 e.V."]
[BlackTeam "Erfurter SK"]
[WhiteTeamCountry "GER"]
[BlackTeamCountry "GER"]

1. e4 c5 2. Nc3 d6 3. f4 g6 4. Nf3 Bg7 5. Bc4 Nc6 6. O-O e6 7. d3 Nge7 8. Qe1
O-O 9. f5 d5 10. Bb3 c4 11. dxc4 d4 12. f6 Bxf6 13. e5 Bxe5 14. Nxe5 dxc3 15.
bxc3 Nxe5 16. Qxe5 Nc6 17. Qg3 f6 18. Ba3 Rf7 19. Rad1 Qa5 20. Bd6 Qh5 21. Rde1
Bd7 22. c5 Re8 23. Re4 g5 24. Qe1 Kg7 25. Bxe6 Bxe6 26. Rxe6 Rxe6 27. Qxe6 Qh4
28. Rd1 Qa4 29. Qb3 Qe4 30. c4 Na5 31. Qd3 Qxc4 32. Qf5 Nc6 33. h3 Nd4 34. Qg4
Ne2+ 35. Kf2 Qxg4 36. hxg4 Nc3 37. Rd4 Nb5 38. Rb4 a6 39. c4 Na7 40. Rb1 Nc6
41. Re1 Rd7 42. Re8 Na5 43. Re4 Nc6 44. Re8 Na5 45. Re4 Kf7 46. Rd4 Nc6 47. Rd5
Nb4 48. Rd2 Kg6 49. Kf3 Nc6 50. Rd5 Na5 51. Rd4 Nc6 52. Rd5 Na5 1/2-1/2

[Event "Bundesliga 9899"]
[Site "Deutschland"]
[Date "1998.12.12"]
[Round "5.4"]
[White "Enders, Peter"]
[Black "Volke, Karsten"]
[Result "0-1"]
[WhiteElo "2525"]
[BlackElo "2460"]
[PlyCount "88"]
[EventDate "1998.10.17"]
[EventType "team"]
[EventRounds "15"]
[EventCountry "GER"]
[SourceTitle "Bundesliga 9899"]
[Source "DeepChess"]
[SourceDate "2005.01.01"]
[SourceVersion "1"]
[SourceVersionDate "2005.01.01"]
[SourceQuality "1"]
[WhiteTeam "Erfurter SK"]
[BlackTeam "PSV Turm Duisburg 1920 e.V."]
[WhiteTeamCountry "GER"]
[BlackTeamCountry "GER"]

1. e4 c5 2. Nf3 e6 3. d4 cxd4 4. Nxd4 Nf6 5. Nc3 d6 6. g4 h6 7. Rg1 g5 8. Be3
Nc6 9. Bb5 Bd7 10. Qe2 Rc8 11. O-O-O Ne5 12. f4 gxf4 13. Bxf4 Rxc3 14. bxc3 Qa5
15. Kb1 Ng6 16. Bc1 Bxb5 17. Qxb5+ Qxb5+ 18. Nxb5 Nxe4 19. Rge1 a6 20. Rxe4
axb5 21. Rb4 Kd7 22. Rxb5 Kc6 23. Rh5 Bg7 24. Rf1 Ne5 25. g5 hxg5 26. Rxh8 Bxh8
27. Bxg5 f5 28. Rf4 Nf7 29. Rc4+ Kd5 30. Rc8 e5 31. h4 f4 32. Kc1 f3 33. Kd2 e4
34. Be3 Bf6 35. c4+ Ke6 36. h5 Ne5 37. h6 Kd7 38. Rf8 Nxc4+ 39. Ke1 Ke7 40. Rb8
Nxe3 41. h7 Nxc2+ 42. Kf2 Bd4+ 43. Kg3 f2 44. Kg2 Ne1+ 0-1

[Event "Bundesliga 9899"]
[Site "Deutschland"]
[Date "1998.12.12"]
[Round "5.5"]
[White "Kraut, Rainer"]
[Black "Mueller, Matthias"]
[Result "1/2-1/2"]
[WhiteElo "2470"]
[BlackElo "2385"]
[PlyCount "43"]
[EventDate "1998.10.17"]
[EventType "team"]
[EventRounds "15"]
[EventCountry "GER"]
[SourceTitle "Bundesliga 9899"]
[Source "DeepChess"]
[SourceDate "2005.01.01"]
[SourceVersion "1"]
[SourceVersionDate "2005.01.01"]
[SourceQuality "1"]
[WhiteTeam "PSV Turm Duisburg 1920 e.V."]
[BlackTeam "Erfurter SK"]
[WhiteTeamCountry "GER"]
[BlackTeamCountry "GER"]

1. e4 e5 2. Nf3 Nc6 3. Bb5 a6 4. Bxc6 dxc6 5. O-O f6 6. d4 Bg4 7. c3 Bd6 8. Be3
Qe7 9. Nbd2 O-O-O 10. Qc2 exd4 11. Nxd4 c5 12. Nf5 Bxf5 13. exf5 Qd7 14. Ne4
Ne7 15. Bxc5 Bxc5 16. Nxc5 Qxf5 17. Qxf5+ Nxf5 18. Rfd1 Rxd1+ 19. Rxd1 Re8 20.
Kf1 Re5 21. Nd3 Rd5 22. Ke2 1/2-1/2

[Event "Bundesliga 9899"]
[Site "Deutschland"]
[Date "1998.12.12"]
[Round "5.6"]
[White "Renner, Christoph"]
[Black "Pirrot, Dieter"]
[Result "1-0"]
[WhiteElo "2420"]
[BlackElo "2390"]
[PlyCount "71"]
[EventDate "1998.10.17"]
[EventType "team"]
[EventRounds "15"]
[EventCountry "GER"]
[SourceTitle "Bundesliga 9899"]
[Source "DeepChess"]
[SourceDate "2005.01.01"]
[SourceVersion "1"]
[SourceVersionDate "2005.01.01"]
[SourceQuality "1"]
[WhiteTeam "Erfurter SK"]
[BlackTeam "PSV Turm Duisburg 1920 e.V."]
[WhiteTeamCountry "GER"]
[BlackTeamCountry "GER"]

1. e4 d5 2. exd5 Qxd5 3. Nc3 Qa5 4. Nf3 Nf6 5. g3 Bg4 6. h3 Bh5 7. b4 Qb6 8.
Bg2 e6 9. Rb1 Nbd7 10. g4 Bg6 11. Nh4 Bd6 12. Nxg6 hxg6 13. Qe2 O-O-O 14. d3
Nd5 15. Nxd5 exd5 16. O-O Rde8 17. Qd1 Qd4 18. Re1 c6 19. b5 f5 20. bxc6 bxc6
21. Be3 Qe5 22. f4 Qc3 23. Rb3 Qa5 24. Bd2 Qc5+ 25. Kf1 Qd4 26. Rc3 Bc5 27.
Rxc5 Qxc5 28. c4 dxc4 29. Qa4 Rxe1+ 30. Bxe1 cxd3 31. Bxc6 Nb8 32. Bf3 Qc2 33.
Qb5 Qc7 34. Ba5 Qc1+ 35. Kg2 Qb2+ 36. Qxb2 1-0

[Event "Bundesliga 9899"]
[Site "Deutschland"]
[Date "1998.12.12"]
[Round "5.7"]
[White "Zude, Arno"]
[Black "Troyke, Christian"]
[Result "0-1"]
[WhiteElo "2390"]
[BlackElo "2400"]
[PlyCount "108"]
[EventDate "1998.10.17"]
[EventType "team"]
[EventRounds "15"]
[EventCountry "GER"]
[SourceTitle "Bundesliga 9899"]
[Source "DeepChess"]
[SourceDate "2005.01.01"]
[SourceVersion "1"]
[SourceVersionDate "2005.01.01"]
[SourceQuality "1"]
[WhiteTeam "PSV Turm Duisburg 1920 e.V."]
[BlackTeam "Erfurter SK"]
[WhiteTeamCountry "GER"]
[BlackTeamCountry "GER"]

1. e4 c5 2. Nf3 Nc6 3. d4 cxd4 4. Nxd4 g6 5. c4 Bg7 6. Be3 Nf6 7. Nc3 O-O 8.
Be2 b6 9. O-O Bb7 10. Nxc6 Bxc6 11. f3 d6 12. Qd2 Nd7 13. Rab1 a5 14. b3 Nc5
15. a3 Ra7 16. Bd1 e6 17. Bc2 Qb8 18. Rfd1 Rc8 19. Ne2 Be5 20. b4 axb4 21. axb4
Na4 22. f4 Bg7 23. Qxd6 Nb2 24. Rxb2 Bxb2 25. Qxb8 Rxb8 26. b5 Be8 27. Rd6 Rd7
28. Rxd7 Bxd7 29. e5 f6 30. exf6 Bxf6 31. Nd4 Be7 32. Nf3 Rc8 33. Ne5 Bxb5 34.
Bb3 Be8 35. c5 Bxc5 36. Bxe6+ Kg7 37. Bxc8 Bxe3+ 38. Kf1 Bxf4 39. Nf3 Bc6 40.
h3 Kf6 41. Ke2 Bb5+ 42. Kd1 Bf1 43. Ne1 Bg3 44. Bb7 Bxe1 45. Kxe1 Bc4 46. Kd2
Ke5 47. g3 Kd4 48. h4 h6 49. Bf3 b5 50. Bd1 b4 51. Bc2 g5 52. hxg5 hxg5 53. Bf5
b3 54. Bg6 Bd5 0-1

[Event "Bundesliga 9899"]
[Site "Deutschland"]
[Date "1998.12.12"]
[Round "5.8"]
[White "Voekler, Bernd"]
[Black "Kummerow, Heiko"]
[Result "1-0"]
[WhiteElo "2390"]
[BlackElo "2280"]
[PlyCount "81"]
[EventDate "1998.10.17"]
[EventType "team"]
[EventRounds "15"]
[EventCountry "GER"]
[SourceTitle "Bundesliga 9899"]
[Source "DeepChess"]
[SourceDate "2005.01.01"]
[SourceVersion "1"]
[SourceVersionDate "2005.01.01"]
[SourceQuality "1"]
[WhiteTeam "Erfurter SK"]
[BlackTeam "PSV Turm Duisburg 1920 e.V."]
[WhiteTeamCountry "GER"]
[BlackTeamCountry "GER"]

1. e4 e6 2. d4 d5 3. Nc3 Bb4 4. e5 c5 5. a3 Bxc3+ 6. bxc3 Ne7 7. Qg4 Qc7 8.
Qxg7 Rg8 9. Qxh7 cxd4 10. Ne2 Nbc6 11. f4 Bd7 12. Qd3 dxc3 13. Qxc3 O-O-O 14.
Rb1 Nf5 15. Rg1 d4 16. Qd3 Be8 17. g4 Nh4 18. Rg3 f6 19. exf6 Bg6 20. f5 exf5
21. Bf4 Qa5+ 22. Kd1 Rge8 23. Bh3 a6 24. f7 Bxf7 25. gxf5 Qd5 26. f6+ Be6 27.
Qh7 Rd7 28. Qxh4 d3 29. Rxd3 Qh1+ 30. Qe1 Rxd3+ 31. cxd3 Qxe1+ 32. Kxe1 Bxh3
33. Kd2 Rf8 34. Rg1 Rxf6 35. Rg8+ Kd7 36. Rg7+ Ke6 37. Bg3 Bf1 38. Nf4+ Kf5 39.
Nd5 Rf8 40. Ne3+ Ke6 41. Rxb7 1-0

[Event "Bundesliga 9899"]
[Site "Deutschland"]
[Date "1998.12.12"]
[Round "5.2"]
[White "Wahls, Matthias"]
[Black "Cvitan, Ognjen"]
[Result "1-0"]
[WhiteElo "2605"]
[BlackElo "2560"]
[PlyCount "111"]
[EventDate "1998.10.17"]
[EventType "team"]
[EventRounds "15"]
[EventCountry "GER"]
[SourceTitle "Bundesliga 9899"]
[Source "DeepChess"]
[SourceDate "2005.01.01"]
[SourceVersion "1"]
[SourceVersionDate "2005.01.01"]
[SourceQuality "1"]
[WhiteTeam "Hamburger SK 1830 e.V."]
[BlackTeam "SK Zaehringen 1921"]
[WhiteTeamCountry "GER"]
[BlackTeamCountry "GER"]

1. e4 c6 2. d4 d5 3. f3 Nf6 4. e5 Nfd7 5. c3 c5 6. Na3 cxd4 7. cxd4 Nc6 8. Nc2
Nb6 9. Bd3 e6 10. Ne2 Nb4 11. Nxb4 Bxb4+ 12. Bd2 Bxd2+ 13. Qxd2 O-O 14. O-O Bd7
15. Rfc1 Rc8 16. b3 Rc6 17. Rc5 Nc8 18. Rac1 Ne7 19. b4 Rxc5 20. dxc5 a6 21. f4
f6 22. exf6 Rxf6 23. Nd4 Qc7 24. Rf1 e5 25. fxe5 Qxe5 26. Nf3 Qh5 27. Qe3 Nc6
28. a3 Bg4 29. Nd4 Rxf1+ 30. Bxf1 Ne5 31. h3 Bd7 32. g4 Qe8 33. Bg2 Bc6 34. a4
Bxa4 35. Bxd5+ Kh8 36. Bxb7 Qb8 37. c6 Qd6 38. Bxa6 h5 39. gxh5 Qxd4 40. Qxd4
Nf3+ 41. Kf2 Nxd4 42. c7 Bd7 43. c8=Q+ Bxc8 44. Bxc8 Kh7 45. Bg4 Kh6 46. Be2 g6
47. hxg6 Kxg6 48. h4 Kf5 49. h5 Kg5 50. Bd1 Nb5 51. Ke3 Nc3 52. Kd4 Nb5+ 53.
Kc4 Na3+ 54. Kc5 Kh6 55. Be2 Nb1 56. Kd4 1-0

[Event "Bundesliga 9899"]
[Site "Deutschland"]
[Date "1998.12.12"]
[Round "5.4"]
[White "Heinemann, Thies"]
[Black "Siegel, Georg"]
[Result "1-0"]
[WhiteElo "2450"]
[BlackElo "2540"]
[PlyCount "77"]
[EventDate "1998.10.17"]
[EventType "team"]
[EventRounds "15"]
[EventCountry "GER"]
[SourceTitle "Bundesliga 9899"]
[Source "DeepChess"]
[SourceDate "2005.01.01"]
[SourceVersion "1"]
[SourceVersionDate "2005.01.01"]
[SourceQuality "1"]
[WhiteTeam "Hamburger SK 1830 e.V."]
[BlackTeam "SK Zaehringen 1921"]
[WhiteTeamCountry "GER"]
[BlackTeamCountry "GER"]

1. e4 c6 2. d4 d5 3. e5 Bf5 4. Nf3 e6 5. Be2 Nd7 6. O-O Ne7 7. Nbd2 c5 8. c4
Bg4 9. h3 Bxf3 10. Bxf3 cxd4 11. cxd5 Nxd5 12. Bxd5 exd5 13. Qg4 Qb6 14. Nf3
Qe6 15. Qg3 Bc5 16. Qxg7 O-O-O 17. Qh6 Rhg8 18. Qxe6 fxe6 19. Bf4 Rdf8 20. Bg3
Bb6 21. b4 Kd8 22. Kh2 h6 23. Rad1 Ke7 24. Nxd4 Rc8 25. f4 Rc4 26. Nf3 Rxb4 27.
f5 Nc5 28. Bh4+ Kf7 29. Nd4 exf5 30. Nxf5 Ke6 31. Nxh6 Rg6 32. Ng4 Ne4 33. Rf8
Bc7 34. Re8+ Kd7 35. Re7+ Kc6 36. Be1 Rc4 37. Ne3 Rc5 38. Bb4 Bd8 39. Bxc5 1-0

[Event "Bundesliga 9899"]
[Site "Deutschland"]
[Date "1998.12.12"]
[Round "5.5"]
[White "Vatter, Hans Joachim"]
[Black "Hansen, Sune Berg"]
[Result "1/2-1/2"]
[WhiteElo "2290"]
[BlackElo "2480"]
[PlyCount "129"]
[EventDate "1998.10.17"]
[EventType "team"]
[EventRounds "15"]
[EventCountry "GER"]
[SourceTitle "Bundesliga 9899"]
[Source "DeepChess"]
[SourceDate "2005.01.01"]
[SourceVersion "1"]
[SourceVersionDate "2005.01.01"]
[SourceQuality "1"]
[WhiteTeam "SK Zaehringen 1921"]
[BlackTeam "Hamburger SK 1830 e.V."]
[WhiteTeamCountry "GER"]
[BlackTeamCountry "GER"]

1. e4 c5 2. Nf3 Nc6 3. c3 e6 4. d4 d5 5. e5 Bd7 6. Be2 Nge7 7. O-O cxd4 8. cxd4
Nf5 9. Nc3 Be7 10. Kh1 h5 11. Be3 g5 12. Bd3 g4 13. Bxf5 exf5 14. Ne1 Be6 15.
Nd3 Kf8 16. Rc1 Rc8 17. Qd2 Kg7 18. f3 Rh7 19. Ne2 b6 20. Kg1 Na5 21. Rxc8 Bxc8
22. b3 h4 23. Nef4 Kh8 24. Qc2 gxf3 25. Rxf3 Rg7 26. Rf1 Bg5 27. Rc1 Ba6 28.
Ne1 Qd7 29. Nf3 Bd8 30. Qf2 Nc6 31. Nxh4 Nb4 32. Rc3 Be7 33. a3 Nc6 34. Nf3 Rh7
35. Qc2 Bb7 36. b4 Bd8 37. Nh3 Rg7 38. Qd2 Rg4 39. Nf2 Rg6 40. Bf4 Ba6 41. Bg5
Kg8 42. Nh3 Bxg5 43. Nhxg5 Ne7 44. Nh4 Rg7 45. Qf4 Bc8 46. Qc1 Qd8 47. Rc7 Bd7
48. Nhf3 Nc6 49. Rxc6 Bxc6 50. Qxc6 Rxg5 51. Nxg5 Qxg5 52. Qc3 Kf8 53. g3 Qg4
54. Qe3 Qd1+ 55. Kg2 Ke8 56. Qf4 Qe2+ 57. Kh3 Qh5+ 58. Qh4 Qf3 59. Qg5 Qf1+ 60.
Kh4 Qf2 61. Qf4 Qxh2+ 62. Kg5 Ke7 63. Kxf5 Ke8 64. Kg5 Qc2 65. Qf5 1/2-1/2

[Event "Bundesliga 9899"]
[Site "Deutschland"]
[Date "1998.12.12"]
[Round "5.6"]
[White "Wilhelmi, Christian"]
[Black "Maier, Christian"]
[Result "0-1"]
[WhiteElo "2470"]
[BlackElo "2345"]
[PlyCount "112"]
[EventDate "1998.10.17"]
[EventType "team"]
[EventRounds "15"]
[EventCountry "GER"]
[SourceTitle "Bundesliga 9899"]
[Source "DeepChess"]
[SourceDate "2005.01.01"]
[SourceVersion "1"]
[SourceVersionDate "2005.01.01"]
[SourceQuality "1"]
[WhiteTeam "Hamburger SK 1830 e.V."]
[BlackTeam "SK Zaehringen 1921"]
[WhiteTeamCountry "GER"]
[BlackTeamCountry "GER"]

1. c4 e5 2. Nc3 Bb4 3. g3 Bxc3 4. bxc3 Nc6 5. Bg2 Nf6 6. e4 O-O 7. Ne2 Re8 8.
O-O a6 9. a4 d6 10. d3 Rb8 11. h3 Nd7 12. f4 Nc5 13. Be3 Qe7 14. f5 Bd7 15. g4
f6 16. Ng3 b5 17. axb5 axb5 18. d4 Nb7 19. cxb5 Nca5 20. Qe2 d5 21. Bf2 Nc4 22.
exd5 Nbd6 23. dxe5 Nxe5 24. Rfe1 Bxb5 25. Qd1 Bc4 26. Rb1 Qf7 27. Qd4 Rbd8 28.
Rb4 Ba6 29. Ra1 Bc4 30. Nh5 Nb5 31. Qc5 Nd6 32. Nf4 Nd3 33. Nxd3 Bxd3 34. Re1
h5 35. Re6 Ra8 36. Rd4 Ra1+ 37. Kh2 Bf1 38. Bf3 Rea8 39. Kg3 R1a2 40. Be3 h4+
41. Kxh4 g5+ 42. fxg6 Qxg6 43. Rd2 Qh7+ 44. Kg3 Qxh3+ 45. Kf2 Bd3 46. Qd4 Qh2+
47. Bg2 Qh4+ 48. Kf3 Bg6 49. Rd1 Nf5 50. Qf4 R8a4 51. Rd4 Nxd4+ 52. cxd4 R4a3
53. Qg3 Qg5 54. Qxc7 Qxd5+ 55. Kf4 Qxe6 56. Qd8+ Kg7 0-1

[Event "Bundesliga 9899"]
[Site "Deutschland"]
[Date "1998.12.12"]
[Round "5.7"]
[White "Herbrechtsmeier, Christof"]
[Black "Reeh, Oliver"]
[Result "1/2-1/2"]
[WhiteElo "2280"]
[BlackElo "2425"]
[PlyCount "85"]
[EventDate "1998.10.17"]
[EventType "team"]
[EventRounds "15"]
[EventCountry "GER"]
[SourceTitle "Bundesliga 9899"]
[Source "DeepChess"]
[SourceDate "2005.01.01"]
[SourceVersion "1"]
[SourceVersionDate "2005.01.01"]
[SourceQuality "1"]
[WhiteTeam "SK Zaehringen 1921"]
[BlackTeam "Hamburger SK 1830 e.V."]
[WhiteTeamCountry "GER"]
[BlackTeamCountry "GER"]

1. e4 g6 2. d4 Bg7 3. Nc3 d6 4. Bc4 Nc6 5. Be3 Nf6 6. f3 O-O 7. Qd2 b6 8. h4 e5
9. d5 Ne7 10. O-O-O Ne8 11. Bh6 f5 12. h5 f4 13. Bxg7 Nxg7 14. g4 g5 15. h6 Ne8
16. Rh5 Nf6 17. Rxg5+ Ng6 18. Nh3 Kh8 19. Rh1 a6 20. Nd1 b5 21. Be2 Qe7 22.
Ndf2 Bd7 23. Nd3 a5 24. Ne1 b4 25. Ng2 Bxg4 26. Rxg6 hxg6 27. Ngxf4 exf4 28.
Nxf4 Kh7 29. fxg4 Nxe4 30. Nxg6 Kxg6 31. Bd3 Rae8 32. Re1 Qh4 33. Rxe4 Rxe4 34.
Bxe4+ Kf6 35. h7 Kg7 36. Bf5 Re8 37. c3 Qe1+ 38. Qxe1 Rxe1+ 39. Kd2 Ra1 40.
cxb4 axb4 41. a3 bxa3 42. bxa3 Rxa3 43. g5 1/2-1/2

[Event "Bundesliga 9899"]
[Site "Deutschland"]
[Date "1998.12.12"]
[Round "5.8"]
[White "Sievers, Stefan"]
[Black "Schuh, Hubert"]
[Result "1/2-1/2"]
[WhiteElo "2370"]
[BlackElo "2305"]
[PlyCount "117"]
[EventDate "1998.10.17"]
[EventType "team"]
[EventRounds "15"]
[EventCountry "GER"]
[SourceTitle "Bundesliga 9899"]
[Source "DeepChess"]
[SourceDate "2005.01.01"]
[SourceVersion "1"]
[SourceVersionDate "2005.01.01"]
[SourceQuality "1"]
[WhiteTeam "Hamburger SK 1830 e.V."]
[BlackTeam "SK Zaehringen 1921"]
[WhiteTeamCountry "GER"]
[BlackTeamCountry "GER"]

1. e4 c5 2. Nc3 a6 3. g3 b5 4. Bg2 Bb7 5. d3 e6 6. f4 Nf6 7. Bd2 Be7 8. Nf3 d5
9. e5 d4 10. exf6 dxc3 11. fxg7 cxd2+ 12. Nxd2 Rg8 13. Bxb7 Ra7 14. Bg2 Bf6 15.
Rb1 Bxg7 16. Qh5 Nd7 17. O-O Rc7 18. Ne4 Nf6 19. Nxf6+ Bxf6 20. Qxh7 Ke7 21. c3
b4 22. Kh1 bxc3 23. bxc3 Bxc3 24. Rb3 Rh8 25. Qe4 Qd4 26. Rfb1 Rd8 27. Rb7 Rdd7
28. Qxd4 Bxd4 29. Rxc7 Rxc7 30. Rb7 Rxb7 31. Bxb7 a5 32. Kg2 f5 33. Kf3 Kf6 34.
Bc6 e5 35. Bd7 exf4 36. Kxf4 Be5+ 37. Kf3 Kg5 38. h4+ Kf6 39. g4 fxg4+ 40. Kxg4
Bc3 41. Kf4 Kg6 42. Be8+ Kh6 43. Ke4 Bb4 44. Kd5 Kg7 45. Kc4 Kh6 46. Kb5 Kg7
47. Bc6 Kh6 48. Bf3 Kg7 49. Ka4 Bd2 50. Bd1 Kh6 51. h5 Kg7 52. Kb5 Bb4 53. Be2
Kh6 54. Ka4 Bd2 55. a3 Bc1 56. Kb3 Kg7 57. a4 Bd2 58. Kc4 Bb4 59. Kb5 1/2-1/2